000 00446nam a2200181Ia 4500
001 1686
005 20260306143746.0
008 260306t2011||||xx |||||||||||||| ||spa||
041 _aESP
082 _a155
_bK17
100 _aKail, Robert V.
_eAUT
245 0 _aDesarrollo humano:
_buna perspectiva del ciclo vital
260 _c2011
300 _axxvii, 737 páginas :
_c27 cm.
650 _aGEN
654 _aCPS
942 _cLIB
_dJUS
_fJUS
_2ddc
_n
999 _c1686
_d1686